000 00575nam a2200205Ia 4500
005 20250923145358.0
008 008 250917s9999 xx 000 0 eng d
037 _aTextual
040 _aDSWL
_beng
_cDSWL
041 _aeng
_2eng
084 _aV2:91, N63
_qDSWL
100 _aMaheshwari. S.
_9834681
245 4 _aThe General election in India
_c by S. Maheshwari
260 _aAllahabad
_bChaitanya Pub. House
_c1963
300 _a228 p.
365 _aINR
_b10 . 0
925 _g10 . 0
942 _cTEXL
_hV2:91, N63
999 _c1450664
_d1450664